Problémy pri prerode vodární prichádzajú zvnútra i zvonku

Transformácia vodární sa dostala do druhej fázy. Zo všetkých štátnych podnikov sú už akciové spoločnosti. Ich vlastníkom je však ešte stále FNM SR. Čoskoro sa však uskutoční prevod akcií v Bratislave. Bratislavská vodárenská spoločnosť (BVS), a.s. Bratislava sa stane majiteľom vyše 59 perc. akcií. V...

Descripción completa

Guardado en:
Detalles Bibliográficos
Autor principal: Sedlák, Miro
Formato: Capítulo de libro
Lenguaje:eslovaco
Materias:
Etiquetas: Agregar Etiqueta
Sin Etiquetas, Sea el primero en etiquetar este registro!

MARC

LEADER 00000naa a2200000 4500
001 r048822
005 20230921114541.9
041 0 |a slo 
044 |a SK 
245 1 0 |a Problémy pri prerode vodární prichádzajú zvnútra i zvonku  |c Miro Sedlák 
520 |a Transformácia vodární sa dostala do druhej fázy. Zo všetkých štátnych podnikov sú už akciové spoločnosti. Ich vlastníkom je však ešte stále FNM SR. Čoskoro sa však uskutoční prevod akcií v Bratislave. Bratislavská vodárenská spoločnosť (BVS), a.s. Bratislava sa stane majiteľom vyše 59 perc. akcií. Väčšinou zdržanie transformácie vodárenstva majú na svedomí manažéri firiem. Iné problémy, ktoré môžu pri prevode nastať. 
610 2 0 |a vodárenstvo 
610 2 0 |a transformácia podniku 
610 2 0 |a podnik štátny 
610 2 0 |a spoločnosti akciové 
610 2 0 |a akcie 
610 2 0 |a FNM SR 
610 2 0 |a Bratislavská vodárenská spoločnosť, a.s. Bratislava 
100 1 |a Sedlák, Miro